Import and re-export requirements for foodstuff.
| Format: | Book |
|---|---|
| Published: |
[S.l]:
Dubai Municipality,
2008.
|
| Subjects: |
| LEADER | 00447cam a2200133 7i4500 | ||
|---|---|---|---|
| 001 | 0000022929 | ||
| 005 | 20090620090000.0 | ||
| 090 | 0 | 0 | |a UAE 382.5 |b IMP |
| 245 | 0 | 0 | |a Import and re-export requirements for foodstuff. |
| 260 | 0 | 0 | |a [S.l]: |b Dubai Municipality, |c 2008. |
| 300 | # | # | |a 43 p. |
| 650 | 0 | 0 | |a Food -- |x Imports -- |x Law and legislation -- |z United Arab Emirates |
| 651 | 0 | 0 | |a United Arab Emirates |
| 999 | |a 0000022799 |b Book |c Countries |e Business Information Centre | ||